[Event "I Miedzynarodowy Memorial Ireny Warakomskiej - Open A"]
[Site "Suwalki"]
[Date "2017-08-13"]
[Round "4.15"]
[White "Bilguun, Sumiya"]
[Black "Bednarek, Sylwester"]
[Result "1-0"]
[WhiteTitle ""]
[BlackTitle ""]
[WhiteElo "2443"]
[BlackElo "2308"]

1. e4 e6 2. d4 d5 3. Nd2 a6 4. Ngf3 c5 5. exd5 exd5 6. Be2 Nc6 7. dxc5 Bxc5 8.
Nb3 Be7 9. O-O Nf6 10. Nbd4 O-O 11. h3 Ne4 12. Bf4 Bc5 13. c3 Qf6 14. Bh2 Ba7
15. Qd3 g5 16. Rad1 Re8 17. Nxc6 bxc6 18. Nd4 Bd7 19. Bg4 Nc5 20. Qf3 Qxf3 21.
gxf3 f5 22. Bxf5 Bxf5 23. Nxf5 Re2 24. Nd4 Rxb2 25. Nxc6 Bb6 26. Rxd5 Na4 27.
Rxg5+ Kf7 28. Ne5+ Kf6 29. h4 Rxa2 30. Ng4+ Kf7 31. Re1 Bc5 32. Nh6+ Kf6 33. Rf5+
Kg7 34. Rf7+ 1-0

[Event "I Miedzynarodowy Memorial Ireny Warakomskiej - Open A"]
[Site "Suwalki"]
[Date "2017-08-13"]
[Round "4.16"]
[White "Stachanczyk, Jacek "]
[Black "Kashlinskaya, Alina"]
[Result "0-1"]
[WhiteTitle ""]
[BlackTitle ""]
[WhiteElo "2209"]
[BlackElo "2440"]

1. e4 e6 2. d4 d5 3. Nc3 Nf6 4. e5 Nfd7 5. f4 c5 6. Nf3 Be7 7. Be3 b6 8. Bb5 O-O
9. O-O a6 10. Bd3 Nc6 11. Qd2 f5 12. Kh1 cxd4 13. Nxd4 Nxd4 14. Bxd4 Nc5 15. Qe3
Bb7 16. a3 Rc8 17. b4 Qd7 18. Qd2 Ne4 19. Nxe4 dxe4 20. Be2 Qc6 21. Bd1 Rfd8 22.
c3 Bc5 23. Bb3 Bxd4 24. cxd4 e3 25. Qa2 Kh8 26. Bxe6 e2 27. Rg1 Rxd4 28. Bxc8
Qxg2+ 29. Rxg2 Rd1+ 0-1

[Event "I Miedzynarodowy Memorial Ireny Warakomskiej - Open A"]
[Site "Suwalki"]
[Date "2017-08-13"]
[Round "4.17"]
[White "Kyrychenko, Maryan "]
[Black "Hnydiuk, Aleksander"]
[Result "1/2-1/2"]
[WhiteTitle ""]
[BlackTitle ""]
[WhiteElo "2219"]
[BlackElo "2424"]

1. e4 c5 2. Nc3 e6 3. f4 a6 4. Nf3 d5 5. d3 Nc6 6. Be2 g6 7. O-O Bg7 8. Kh1 Nge7
9. Na4 b6 10. c4 O-O 11. Rb1 Bb7 12. a3 Nd4 13. Nxd4 Bxd4 14. Qc2 Rc8 15. b3 Bg7
16. Be3 Nc6 17. b4 dxc4 18. dxc4 Nd4 19. Bxd4 cxd4 20. Bd3 Qc7 21. c5 bxc5 22.
Nxc5 a5 23. Qe2 Ba8 24. e5 axb4 25. axb4 Rfd8 26. Be4 Bxe4 27. Nxe4 Qc2 28. Qxc2
Rxc2 29. Rfd1 d3 30. Nd6 d2 31. b5 g5 32. g3 gxf4 33. gxf4 Bh6 34. Rf1 Rc1 35.
Rbxc1 dxc1=Q 36. Rxc1 Bxf4 37. Rg1+ Kf8 38. Rf1 Be3 39. Rxf7+ Kg8 40. Rf6 Bd4
41. Rxe6 Bxe5 42. Ne4 Rd5 43. b6 Rb5 44. Re8+ Kg7 45. h3 Bd4 46. Re7+ Kf8 47.
Rxh7 Rxb6 48. Kg2 Bg7 49. Kf3 Rh6 50. Rxh6 Bxh6 51. Kg4 Kg7 1/2-1/2

[Event "I Miedzynarodowy Memorial Ireny Warakomskiej - Open A"]
[Site "Suwalki"]
[Date "2017-08-13"]
[Round "4.18"]
[White "Zawadzka, Jolanta"]
[Black "Paszewski, Mateusz "]
[Result "1-0"]
[WhiteTitle ""]
[BlackTitle ""]
[WhiteElo "2420"]
[BlackElo "2321"]

1. e4 c5 2. Nf3 g6 3. d4 cxd4 4. Qxd4 Nf6 5. e5 Nc6 6. Qa4 Nd5 7. Qe4 Nb6 8. Nc3
d5 9. exd6 Bf5 10. Qe2 Qxd6 11. Nb5 Qb8 12. Nbd4 Bg7 13. Nxf5 gxf5 14. g3 O-O
15. Bh3 e6 16. O-O Nd5 17. Rd1 Nf6 18. Bf4 Qc8 19. c3 Rd8 20. Bg2 Ne4 21. Ng5
Nxg5 22. Bxg5 Rxd1+ 23. Rxd1 Qc7 24. Qc4 Rc8 25. Be3 Qe7 26. Qa4 a6 27. Qc4 b5
28. Qc5 Bf8 29. Qb6 Nb8 30. Bb7 Rc7 31. Bxa6 Nxa6 32. Qxa6 Rd7 33. Rxd7 Qxd7 34.
Qa8 Kg7 35. Bd4+ f6 36. Bxf6+ Kxf6 37. Qxf8+ Kg6 38. Qc5 Qd1+ 39. Kg2 f4 40. Qc6
Qe2 41. Qf3 Qxb2 42. Qg4+ Kf7 43. Qxf4+ Kg7 44. Qb4 Qe2 45. a4 bxa4 46. Qxa4 e5
47. Qa7+ Kg8 48. Qe3 Qb5 49. Qe4 Qc5 50. c4 Kg7 51. Qd5 1-0

[Event "I Miedzynarodowy Memorial Ireny Warakomskiej - Open A"]
[Site "Suwalki"]
[Date "2017-08-13"]
[Round "4.19"]
[White "Lewtak, Damian "]
[Black "Molenda, Marcin"]
[Result "0-1"]
[WhiteTitle ""]
[BlackTitle ""]
[WhiteElo "2344"]
[BlackElo "2420"]

1. d4 d5 2. g3 Nf6 3. Bg2 Bf5 4. Nf3 e6 5. O-O h6 6. c4 c6 7. Nc3 Nbd7 8. Nd2 Be7
9. e4 dxe4 10. Ndxe4 Nxe4 11. Nxe4 O-O 12. Qe2 Nf6 13. Rd1 Qb6 14. Nxf6+ Bxf6
15. Be3 Rfd8 16. c5 Qb4 17. Rac1 Rd7 18. Rc4 Qb5 19. b3 Qa5 20. f4 Rad8 21. g4
Bg6 22. g5 hxg5 23. fxg5 Be5 24. Bf2 Qc7 25. h4 Bg3 26. Qg4 Bxf2+ 27. Kxf2 Bf5
28. Qg3 Qxg3+ 29. Kxg3 e5 30. Ra4 a6 31. Rf1 Bd3 32. dxe5 Bxf1 33. Bxf1 Rd4 34.
Rxd4 Rxd4 35. Bc4 Re4 0-1

[Event "I Miedzynarodowy Memorial Ireny Warakomskiej - Open A"]
[Site "Suwalki"]
[Date "2017-08-13"]
[Round "4.20"]
[White "Cukrowski, Filip "]
[Black "Scripcaru, George-daniel "]
[Result "1-0"]
[WhiteTitle ""]
[BlackTitle ""]
[WhiteElo "2413"]
[BlackElo "2247"]

1. e4 c6 2. d4 d5 3. Nc3 dxe4 4. Nxe4 Bf5 5. Ng3 Bg6 6. h4 h6 7. Nf3 Nd7 8. h5
Bh7 9. Bd3 Bxd3 10. Qxd3 e6 11. Bd2 Ngf6 12. O-O-O Be7 13. Nf1 Qc7 14. Ne3 Rd8
15. c4 b5 16. Kb1 bxc4 17. Nxc4 O-O 18. Qc2 Rc8 19. Nfe5 c5 20. Bf4 Qb7 21. Nxd7
Nxd7 22. Bd6 cxd4 23. Bxe7 Nb6 24. Nd6 Qxe7 25. Nxc8 Rxc8 26. Qe4 e5 27. Rxd4
f5 28. Qe2 Qc5 29. Rd2 Qb4 30. Rc2 Rxc2 31. Qxc2 Qg4 32. f3 Qg5 33. a4 Kh7 34.
g4 e4 35. gxf5 exf3 36. f6+ Kg8 37. fxg7 Nd5 38. Rf1 Qg2 39. Qc8+ Kxg7 40. Qd7+
Kf6 41. Qd6+ Kg7 42. Qe5+ Nf6 43. Qe7+ Kg8 44. Rd1 Qg7 45. Qe6+ Qf7 46. Qf5 Qh7
47. Rg1+ 1-0

[Event "I Miedzynarodowy Memorial Ireny Warakomskiej - Open A"]
[Site "Suwalki"]
[Date "2017-08-13"]
[Round "4.21"]
[White "Nowak, Lukasz"]
[Black "Almasi, Istvan "]
[Result "0-1"]
[WhiteTitle ""]
[BlackTitle ""]
[WhiteElo "2307"]
[BlackElo "2408"]

1. e4 g6 2. d4 Bg7 3. Nf3 d6 4. Bc4 Nf6 5. Qe2 O-O 6. e5 dxe5 7. dxe5 Nd5 8. O-O
Bg4 9. Nbd2 Nb6 10. Bb3 Nc6 11. Qe3 a5 12. a4 Qd7 13. Re1 Rad8 14. h3 Be6 15.
Nf1 Nd5 16. Qe4 Ndb4 17. Ra3 Bd5 18. Bxd5 Qxd5 19. Qe2 h6 20. N1h2 Nxe5 21. Nxe5
Qxe5 22. Re3 Qf5 23. c3 Nd3 24. Rf1 e6 25. Ng4 Qd5 26. Rf3 Nxc1 27. Rxc1 Qd2 28.
Re1 Qxe2 29. Rxe2 Rd1+ 30. Kh2 Rfd8 31. Ne5 R8d2 32. Rfe3 Rxe2 33. Rxe2 Ra1 34.
Nd7 Rxa4 35. Nc5 Ra2 36. Nxb7 Bxc3 37. Rc2 Be5+ 38. g3 a4 0-1

[Event "I Miedzynarodowy Memorial Ireny Warakomskiej - Open A"]
[Site "Suwalki"]
[Date "2017-08-13"]
[Round "4.23"]
[White "Stanisz, Patryk"]
[Black "Czerwonski, Aleksander "]
[Result "0-1"]
[WhiteTitle ""]
[BlackTitle ""]
[WhiteElo "2100"]
[BlackElo "2392"]

1. d4 d6 2. c4 e5 3. Nf3 Nd7 4. Nc3 Ngf6 5. e4 g6 6. Be2 Bg7 7. O-O O-O 8. d5 Nc5
9. Qc2 a5 10. Ne1 Nfd7 11. Be3 f5 12. f3 f4 13. Bf2 g5 14. Nd3 Nxd3 15. Bxd3 h5
16. a3 g4 17. b4 Qg5 18. Kh1 Nf6 19. Nb5 Ne8 20. c5 Rf6 21. cxd6 Rg6 22. fxg4
cxd6 23. Bb6 hxg4 24. Nc7 Nxc7 25. Qxc7 Qh5 26. Be2 f3 27. Qd8+ Kh7 28. Bxf3 gxf3
29. g3 Qh3 30. Rf2 axb4 31. a4 Rxg3 32. Raa2 Rg2 33. Rxg2 fxg2+ 34. Rxg2 Qxg2+
35. Kxg2 Bh3+ 0-1

[Event "I Miedzynarodowy Memorial Ireny Warakomskiej - Open A"]
[Site "Suwalki"]
[Date "2017-08-13"]
[Round "4.24"]
[White "Jaroch, Karol"]
[Black "Teclaf, Pawel"]
[Result "0-1"]
[WhiteTitle ""]
[BlackTitle ""]
[WhiteElo "2235"]
[BlackElo "2373"]

1. c4 b6 2. Nc3 Bb7 3. e4 e6 4. Nge2 Nf6 5. d3 c5 6. g3 d6 7. Bg2 Nbd7 8. O-O Qc7
9. b3 a6 10. h3 Be7 11. g4 Ne5 12. f4 Nc6 13. Be3 Nd7 14. Qe1 h6 15. Rd1 g5 16.
fxg5 hxg5 17. Qf2 Nce5 18. Ng3 O-O-O 19. d4 cxd4 20. Bxd4 Kb8 21. Na4 Nc5 22.
Nb2 f6 23. b4 Ncd7 24. Rc1 Rc8 25. Qe3 Ng6 26. Nh5 Nf4 27. Rxf4 gxf4 28. Nxf4
e5 29. Ne6 Qc6 30. Qf2 f5 31. Qxf5 Rcf8 32. Nxf8 Rxf8 33. Qe6 Bg5 34. Rc2 exd4
35. e5 Be3+ 36. Kh2 Qc7 37. exd6 Bf4+ 38. Kg1 Qxd6 39. Qxd6+ Bxd6 40. Nd3 Ne5
41. c5 Nxd3 42. cxd6 Ne1 43. Re2 Nxg2 44. d7 Rd8 0-1

[Event "I Miedzynarodowy Memorial Ireny Warakomskiej - Open A"]
[Site "Suwalki"]
[Date "2017-08-13"]
[Round "4.25"]
[White "Wozniak, Mariola "]
[Black "Goluch, Piotr"]
[Result "0-1"]
[WhiteTitle ""]
[BlackTitle ""]
[WhiteElo "2181"]
[BlackElo "2360"]

1. e4 c6 2. d4 d5 3. Nc3 dxe4 4. Nxe4 Bf5 5. Ng3 Bg6 6. Nh3 e6 7. Nf4 Bd6 8. Ngh5
Bxh5 9. Nxh5 g6 10. Nf4 Nf6 11. g3 Nd5 12. Nd3 Nb4 13. Bg2 Nd7 14. O-O O-O 15.
Bf4 Bxf4 16. Nxf4 Nd5 17. Nd3 a5 18. c4 Ne7 19. Qb3 Qb6 20. Rfd1 Rfd8 21. Ne5
Qc7 22. Rac1 a4 23. Qc3 Nf5 24. f4 Nxe5 25. fxe5 Qb6 26. c5 Qc7 27. g4 Ne7 28.
Rd3 b6 29. Qd2 bxc5 30. Rxc5 Qb6 31. Rc4 Ra5 32. Qg5 Rd7 33. b4 axb3 34. Rxb3
Rb5 35. Qe3 Rxb3 36. Qxb3 Qxb3 37. axb3 Rb7 38. Bxc6 Rxb3 39. Be4 Re3 40. Bg2
Re2 41. Rb4 g5 42. Bf3 Rd2 43. Be4 Kg7 44. h3 Re2 45. Bf3 Re3 46. Kf2 Ra3 47.
Rb7 Ng6 48. Bc6 Rd3 49. Be8 Nh8 50. Rd7 Rxh3 51. d5 Kf8 52. d6 Kxe8 53. Ra7 Ng6
54. Ra8+ Kd7 55. Ra7+ Kc6 56. Ra6+ Kb7 0-1

[Event "I Miedzynarodowy Memorial Ireny Warakomskiej - Open A"]
[Site "Suwalki"]
[Date "2017-08-13"]
[Round "4.26"]
[White "Kulon, Klaudia "]
[Black "Walkusz, Witoslaw"]
[Result "1-0"]
[WhiteTitle ""]
[BlackTitle ""]
[WhiteElo "2359"]
[BlackElo "2115"]

1. e4 e5 2. Nf3 Nc6 3. Bc4 Nf6 4. d4 exd4 5. O-O Bc5 6. e5 d5 7. exf6 dxc4 8. fxg7
Rg8 9. Bg5 Be7 10. Bxe7 Kxe7 11. Re1+ Be6 12. Re4 Rxg7 13. Nxd4 Nxd4 14. Rxd4
Qg8 15. g3 Rd8 16. Nc3 Rg4 17. Nd5+ Kf8 18. Nf4 Ke7 19. Nxe6 1-0

[Event "I Miedzynarodowy Memorial Ireny Warakomskiej - Open A"]
[Site "Suwalki"]
[Date "2017-08-13"]
[Round "4.27"]
[White "Bukojemski, Adam "]
[Black "Dzierzak, Radoslaw "]
[Result "1/2-1/2"]
[WhiteTitle ""]
[BlackTitle ""]
[WhiteElo "2183"]
[BlackElo "2276"]

1. e4 c6 2. d4 d5 3. exd5 cxd5 4. c4 Nf6 5. Nc3 Nc6 6. Nf3 Bg4 7. cxd5 Nxd5 8.
Qb3 Bxf3 9. gxf3 e6 10. Qxb7 Nxd4 11. Bb5+ Nxb5 12. Qc6+ Ke7 13. Qxb5 Qd7 14.
Nxd5+ Qxd5 15. Qxd5 exd5 16. Be3 Ke6 17. O-O-O Bb4 1/2-1/2

[Event "I Miedzynarodowy Memorial Ireny Warakomskiej - Open A"]
[Site "Suwalki"]
[Date "2017-08-13"]
[Round "4.28"]
[White "Krzywda, Andrzej "]
[Black "Bugalski, Michal "]
[Result "0-1"]
[WhiteTitle ""]
[BlackTitle ""]
[WhiteElo "2173"]
[BlackElo "2250"]

1. e4 e6 2. d4 d5 3. Nc3 Nf6 4. e5 Nfd7 5. f4 c5 6. Nf3 Nc6 7. Be3 cxd4 8. Nxd4
Bc5 9. Qd2 a6 10. O-O-O Nxd4 11. Bxd4 b5 12. Bxc5 Nxc5 13. Qf2 Qc7 14. Bd3 b4
15. Ne2 O-O 16. Qh4 Nxd3+ 17. Rxd3 f6 18. Rh3 h6 19. g4 fxe5 20. g5 exf4 21. gxh6
g6 22. Rg1 Qf7 23. h7+ Kh8 24. Qg5 Qf6 25. Qxg6 Qxg6 26. Rxg6 e5 27. Rh5 f3 28.
Ng3 f2 29. Kd2 Ra7 30. Rxe5 Rxh7 31. Nf1 Bh3 32. Ng3 Bg2 33. Ke3 Rxh2 34. Reg5
Rh3 35. Kd4 Be4 36. Rxa6 Rxg3 37. Rh6+ Bh7 38. Rgh5 Rg7 39. Rh1 f1=Q 40. Rxf1
Rxf1 0-1

[Event "I Miedzynarodowy Memorial Ireny Warakomskiej - Open A"]
[Site "Suwalki"]
[Date "2017-08-13"]
[Round "4.29"]
[White "Polok, Kacper"]
[Black "Sowul, Bartosz "]
[Result "0-1"]
[WhiteTitle ""]
[BlackTitle ""]
[WhiteElo "2249"]
[BlackElo "2183"]

1. e4 c5 2. Nf3 d6 3. d4 cxd4 4. Nxd4 Nf6 5. Nc3 g6 6. f4 Nc6 7. Nxc6 bxc6 8. e5
Nd7 9. exd6 exd6 10. Be3 Be7 11. Qd2 O-O 12. O-O-O d5 13. h4 Nf6 14. Be2 h5 15.
Bd4 Rb8 16. Be5 Rb7 17. Ba6 Rb6 18. Bd3 Ng4 19. g3 Bc5 20. Rde1 f6 21. Na4 fxe5
22. Nxc5 e4 23. Be2 Qf6 24. c3 Nh6 25. Rhg1 Bf5 26. Na4 Rb7 27. Nc5 Re7 28. Rd1
Qd6 29. b4 a5 30. a3 axb4 31. axb4 Ra7 32. Kb2 Qxc5 33. bxc5 Rb8+ 34. Kc1 Ra1+
35. Kc2 e3+ 36. Qd3 Ra2+ 37. Kc1 Rxe2 38. Qxe2 Rb1# 0-1

[Event "I Miedzynarodowy Memorial Ireny Warakomskiej - Open A"]
[Site "Suwalki"]
[Date "2017-08-13"]
[Round "4.30"]
[White "Okrucinski, Tadeusz"]
[Black "Zgadzaj, Rafal "]
[Result "1-0"]
[WhiteTitle ""]
[BlackTitle ""]
[WhiteElo "2244"]
[BlackElo "2147"]

1. d4 f5 2. Nf3 g6 3. c4 Bg7 4. g3 Nf6 5. Bg2 d6 6. O-O O-O 7. Nc3 c6 8. Re1 Qc7
9. e4 fxe4 10. Nxe4 Nxe4 11. Rxe4 Bf5 12. Re1 e5 13. dxe5 dxe5 14. Ng5 Na6 15.
Ne4 Rad8 16. Qe2 Rd4 17. b3 Nb4 18. Bb2 Rdd8 19. Red1 Rxd1+ 20. Rxd1 Nxa2 21.
Qd2 a5 22. Ba3 Nb4 23. Bxb4 axb4 24. Qxb4 Rd8 25. Rxd8+ Qxd8 26. c5 Qd4 27. Qxd4
exd4 28. Nd6 Bc2 29. Be4 Bxb3 30. Nxb7 Bf8 31. Kf1 Kf7 32. Ke2 Bc4+ 33. Kd2 Ba6
34. Nd8+ Kf6 35. Nxc6 Bxc5 36. Bd5 Kg5 37. h3 Bf1 38. h4+ Kg4 39. Ne5+ Kh3 40.
Ke1 Bb5 41. Be4 Bb4+ 42. Kd1 Ba4+ 43. Ke2 Bb5+ 44. Kf3 Bd2 45. Bd3 Ba4 46. Ke2
Bc3 47. Kf1 Kh2 48. Ng4+ Kh3 49. Nf6 Bb4 50. Kg1 1-0

[Event "I Miedzynarodowy Memorial Ireny Warakomskiej - Open A"]
[Site "Suwalki"]
[Date "2017-08-13"]
[Round "4.31"]
[White "Ocytko, Andrzej"]
[Black "Zochowski, Kacper"]
[Result "0-1"]
[WhiteTitle ""]
[BlackTitle ""]
[WhiteElo "2127"]
[BlackElo "2239"]

1. d4 f5 2. Bg5 g6 3. c3 Bg7 4. Nd2 Nf6 5. Bxf6 Bxf6 6. e4 fxe4 7. Nxe4 O-O 8.
Nf3 b6 9. Bd3 Bb7 10. Qe2 Nc6 11. O-O-O d5 12. Nxf6+ exf6 13. Rhe1 Qd7 14. Qe6+
Qxe6 15. Rxe6 Rae8 16. Rde1 Rxe6 17. Rxe6 Kf7 18. Re1 Ne7 19. Kd2 Nc8 20. Ng1
Nd6 21. f3 Bc8 22. Ne2 c6 23. Ng3 Rd8 24. a4 c5 25. dxc5 bxc5 26. b4 Nb7 27. Ba6
d4 28. Bc4+ Kf8 29. Ne4 dxc3+ 30. Kxc3 cxb4+ 31. Kxb4 a5+ 32. Kc3 f5 33. Ng5 Nc5
34. Nxh7+ Kg7 35. Re7+ Kh6 36. h4 Nxa4+ 37. Kc2 Rd7 38. Rxd7 Bxd7 39. Ng5 Nb6
40. Be2 f4 41. Kd3 Bb5+ 42. Kd2 Bxe2 43. Kxe2 a4 44. Ne6 a3 45. Nd4 a2 46. Nb3
Kh5 0-1

[Event "I Miedzynarodowy Memorial Ireny Warakomskiej - Open A"]
[Site "Suwalki"]
[Date "2017-08-13"]
[Round "4.32"]
[White "Teglas, Balazs "]
[Black "Paprocki, Jaroslaw "]
[Result "1-0"]
[WhiteTitle ""]
[BlackTitle ""]
[WhiteElo "2238"]
[BlackElo "2183"]

1. d4 Nf6 2. Nc3 d5 3. Bg5 Bf5 4. Bxf6 exf6 5. e3 c6 6. Bd3 Bxd3 7. Qxd3 Bb4 8.
Nge2 O-O 9. O-O-O Nd7 10. g4 Nb6 11. h4 Nc4 12. g5 Re8 13. Rdg1 Bf8 14. gxf6 Qxf6
15. Nf4 Rad8 16. Rg5 Qd6 17. Rhg1 Qb4 18. Nd1 Rd6 19. Nh5 Rg6 20. Rxg6 fxg6 21.
Nf4 Bd6 22. Nh3 Qa5 23. a3 Re4 24. f4 Qb6 25. h5 Be7 26. hxg6 hxg6 27. Rxg6 Bf6
28. Nhf2 Re8 29. Ng4 Be7 30. Rh6 Qa5 31. Qh7+ Kf7 32. Qg6+ 1-0

[Event "I Miedzynarodowy Memorial Ireny Warakomskiej - Open A"]
[Site "Suwalki"]
[Date "2017-08-13"]
[Round "4.33"]
[White "Chinguun, Sumiya "]
[Black "Zakrzewski, Marek"]
[Result "0-1"]
[WhiteTitle ""]
[BlackTitle ""]
[WhiteElo "2120"]
[BlackElo "2237"]

1. e4 c5 2. Nf3 e6 3. d4 cxd4 4. Nxd4 Nc6 5. Nc3 Qc7 6. Be2 a6 7. O-O Nf6 8. Be3
Bb4 9. f3 d5 10. exd5 exd5 11. Nxc6 bxc6 12. Na4 O-O 13. Bb6 Qb8 14. Kh1 Bd6 15.
Bg1 Bf5 16. Bd3 Bxd3 17. Qxd3 Qb4 18. Qd4 a5 19. c3 Qb5 20. b3 Rfe8 21. Rfe1 Rad8
22. Rad1 Re6 23. Qb6 Rde8 24. Rxe6 fxe6 25. c4 Qxb6 26. Bxb6 Bb4 27. Ra1 Nd7 28.
a3 Nxb6 29. axb4 Nxa4 30. Rxa4 axb4 31. Rxb4 Kf7 32. Kg1 Kf6 33. Rb6 Rc8 34. Kf2
Ke5 35. Ke3 g5 36. Kd3 c5 37. Rb5 h5 38. b4 cxb4 39. cxd5 Rc3+ 40. Kd2 exd5 41.
Rxb4 Ra3 42. Rb2 h4 43. Ke2 Kd4 44. Rd2+ Kc4 45. Rc2+ Rc3 46. Rxc3+ Kxc3 47. g3
d4 48. Kd1 Kd3 49. gxh4 gxh4 50. f4 Ke4 51. Kd2 h3 52. Ke2 Kxf4 53. Kd3 Ke5 54.
Kd2 Ke4 55. Ke2 d3+ 56. Kd2 Kd4 57. Kd1 Ke3 58. Ke1 Kf3 59. Kd2 Kg2 60. Kxd3 Kxh2
0-1

[Event "I Miedzynarodowy Memorial Ireny Warakomskiej - Open A"]
[Site "Suwalki"]
[Date "2017-08-13"]
[Round "4.34"]
[White "Szustakowski, Antoni "]
[Black "Mucha, Piotr "]
[Result "1-0"]
[WhiteTitle ""]
[BlackTitle ""]
[WhiteElo "2235"]
[BlackElo "2155"]

1. d4 d5 2. c4 c6 3. Nc3 Nf6 4. Nf3 dxc4 5. a4 Bf5 6. e3 e6 7. Bxc4 Bb4 8. O-O
Nbd7 9. Qe2 Bg6 10. e4 O-O 11. Bd3 Bh5 12. e5 Nd5 13. Nxd5 cxd5 14. Qe3 Be7 15.
Bd2 Rc8 16. Rac1 Bg6 17. Bxg6 hxg6 18. Rxc8 Qxc8 19. Rc1 Qb8 20. Qc3 Nb6 21. Qc7
Re8 22. b3 Na8 23. Qd7 Nb6 24. Qb5 Rc8 25. a5 Rxc1+ 26. Bxc1 Qc8 27. Bd2 Na8 28.
h4 Nc7 29. Qd3 a6 30. g4 Nb5 31. h5 gxh5 32. gxh5 Qe8 33. h6 gxh6 34. Bxh6 Kh8
35. Kf1 Qg8 36. Qe3 Qg4 37. Bf4 Qh3+ 38. Kg1 Bb4 39. Bg5 Qg4+ 40. Kh2 Nc3 41.
Bf6+ Kh7 42. Ng5+ Kg6 43. f3 Qf5 44. Nh3 Qc2+ 45. Kg3 Ne2+ 46. Qxe2 1-0

[Event "I Miedzynarodowy Memorial Ireny Warakomskiej - Open A"]
[Site "Suwalki"]
[Date "2017-08-13"]
[Round "4.35"]
[White "Dmochowska, Agnieszka"]
[Black "Chomczyk, Marek"]
[Result "0-1"]
[WhiteTitle ""]
[BlackTitle ""]
[WhiteElo "2234"]
[BlackElo "2138"]

1. e4 e5 2. Nf3 Nc6 3. Bb5 Nf6 4. d3 Bc5 5. O-O d6 6. c3 O-O 7. h3 Bb6 8. Re1 Ne7
9. d4 Ng6 10. Na3 c6 11. Ba4 h6 12. Bb3 Re8 13. Qc2 Nh5 14. Nc4 Qf6 15. Nxb6 axb6
16. dxe5 dxe5 17. Kh2 Nhf4 18. Ng1 Nh4 19. Bxf4 exf4 20. f3 Ra5 21. Bc4 Rh5 22.
Qf2 Ree5 23. Rad1 Reg5 24. Bf1 Rg3 25. e5 Qg5 26. Re4 Bxh3 27. Nxh3 Nxf3+ 28.
gxf3 Qh4 29. Qg2 Rxg2+ 30. Bxg2 Qg3+ 31. Kh1 Rxh3+ 32. Bxh3 Qxh3+ 33. Kg1 Qg3+
0-1

[Event "I Miedzynarodowy Memorial Ireny Warakomskiej - Open A"]
[Site "Suwalki"]
[Date "2017-08-13"]
[Round "4.36"]
[White "Sliwicki, Damian "]
[Black "Dzhuguryan, Tygran "]
[Result "1-0"]
[WhiteTitle ""]
[BlackTitle ""]
[WhiteElo "2136"]
[BlackElo "2230"]

1. e4 c6 2. c4 d5 3. cxd5 cxd5 4. exd5 Nf6 5. Qa4+ Nbd7 6. Nc3 g6 7. Nf3 Bg7 8.
Bc4 O-O 9. d3 a6 10. Qa3 b6 11. O-O Bb7 12. Re1 b5 13. Bb3 Re8 14. Ne5 Qb6 15.
Nxd7 Nxd7 16. Qb4 Qc5 17. Qh4 Nf6 18. Be3 Qd6 19. Bf4 Qb4 20. Ne4 Nxd5 21. Be5
a5 22. Bxd5 Bxd5 23. a3 Qa4 24. Bxg7 Kxg7 25. Qg5 Qd4 26. Nc3 Bc6 27. Nxb5 Qb6
28. a4 f6 29. Qg3 Bxb5 30. axb5 Qxb5 31. Qc7 Kf8 32. h3 Qxb2 33. Rxa5 Rac8 34.
Qf4 Qc3 35. Rae5 Qxd3 36. Rxe7 Rxe7 37. Qxf6+ Kg8 38. Rxe7 1-0

[Event "I Miedzynarodowy Memorial Ireny Warakomskiej - Open A"]
[Site "Suwalki"]
[Date "2017-08-13"]
[Round "4.37"]
[White "Czajkowski, Adam "]
[Black "Smolka, Marcin "]
[Result "1/2-1/2"]
[WhiteTitle ""]
[BlackTitle ""]
[WhiteElo "2223"]
[BlackElo "2133"]

1. e4 e5 2. Nf3 Nc6 3. Bb5 a6 4. Ba4 Nf6 5. O-O Nxe4 6. d4 b5 7. Bb3 d5 8. dxe5
Be6 9. Nbd2 Nc5 10. c3 Be7 11. Bc2 d4 12. Nb3 dxc3 13. Nxc5 Bxc5 14. Be4 Qd7 15.
bxc3 O-O-O 16. Qc2 Bc4 17. Bf5 Be6 18. Be4 Bc4 19. Bf5 Be6 20. Bxe6 Qxe6 21. a4
Nxe5 22. Nd4 Qg6 23. Qe2 Bxd4 24. cxd4 Nc6 25. Be3 Rhe8 26. d5 Rxd5 27. axb5 axb5
28. Rfc1 Red8 29. h3 Kd7 30. Ra6 Nd4 31. Qa2 Qe4 32. Bxd4 Qxd4 33. Qc2 Qc4 34.
Qb2 Qd4 35. Qc2 Qc4 36. Qb2 Qd4 1/2-1/2

[Event "I Miedzynarodowy Memorial Ireny Warakomskiej - Open A"]
[Site "Suwalki"]
[Date "2017-08-13"]
[Round "4.38"]
[White "Czerw, Dawid "]
[Black "Puczylowski, Marcin"]
[Result "1-0"]
[WhiteTitle ""]
[BlackTitle ""]
[WhiteElo "2222"]
[BlackElo "2103"]

1. d4 Nf6 2. c4 e5 3. dxe5 Ng4 4. e3 Nxe5 5. Nh3 d6 6. Nf4 Nbc6 7. Be2 g6 8. Nc3
Bg7 9. O-O O-O 10. Nfd5 Ne7 11. e4 c6 12. Nxe7+ Qxe7 13. f4 Nd7 14. Re1 Nb6 15.
Bd3 Re8 16. Be3 Be6 17. Qb3 Qc7 18. Rac1 Bd7 19. Kh1 Rad8 20. Qd1 Qc8 21. Qb3
Qc7 22. a4 Nc8 23. h3 b6 24. Qc2 Ne7 25. Qf2 f5 26. Bd4 fxe4 27. Nxe4 Bf5 28.
Bxg7 Bxe4 29. Bc3 Bxd3 30. Qd4 Rd7 31. Qg7# 1-0

[Event "I Miedzynarodowy Memorial Ireny Warakomskiej - Open A"]
[Site "Suwalki"]
[Date "2017-08-13"]
[Round "4.39"]
[White "Jakubiec, Edyta"]
[Black "Chojnowski, Marcin "]
[Result "0-1"]
[WhiteTitle ""]
[BlackTitle ""]
[WhiteElo "2212"]
[BlackElo "2070"]

1. Nf3 Nf6 2. g3 g6 3. Bg2 Bg7 4. O-O O-O 5. c4 d6 6. Nc3 c6 7. d4 Bf5 8. Re1 Ne4
9. Nxe4 Bxe4 10. Nh4 Bxg2 11. Kxg2 Nd7 12. Nf3 c5 13. d5 a6 14. Qd3 Qc7 15. Qe4
Nf6 16. Qc2 b5 17. e4 bxc4 18. Nd2 e6 19. dxe6 fxe6 20. Nxc4 Ng4 21. Bf4 Rxf4
22. gxf4 d5 23. Ne5 Bxe5 24. fxe5 Qxe5 25. exd5 Qxh2+ 0-1

[Event "I Miedzynarodowy Memorial Ireny Warakomskiej - Open A"]
[Site "Suwalki"]
[Date "2017-08-13"]
[Round "4.40"]
[White "Khamidov, Komil"]
[Black "Tomaszewski, Kacper"]
[Result "0-1"]
[WhiteTitle ""]
[BlackTitle ""]
[WhiteElo "2110"]
[BlackElo "2203"]

1. d4 Nf6 2. Nf3 g6 3. g3 Bg7 4. Bg2 O-O 5. c4 d5 6. Nc3 c5 7. cxd5 Nxd5 8. O-O
cxd4 9. Nxd4 Nxc3 10. bxc3 Nd7 11. Rb1 Qc7 12. Bd2 a6 13. e3 Rb8 14. Qe2 e5 15.
Nc2 Nb6 16. e4 Be6 0-1

[Event "I Miedzynarodowy Memorial Ireny Warakomskiej - Open A"]
[Site "Suwalki"]
[Date "2017-08-13"]
[Round "4.41"]
[White "Juhasz, Barbara"]
[Black "Suliborski, Jakub"]
[Result "1-0"]
[WhiteTitle ""]
[BlackTitle ""]
[WhiteElo "2200"]
[BlackElo "2122"]

1. e4 e6 2. d3 d5 3. Nd2 Nf6 4. Ngf3 b6 5. c3 Bb7 6. e5 Nfd7 7. g3 c5 8. Bg2 Nc6
9. d4 Ba6 10. Qa4 Qc8 11. Bf1 Bxf1 12. Nxf1 Qb7 13. Ne3 b5 14. Qc2 Rc8 15. Qe2
Qb6 16. dxc5 Nxc5 17. O-O Be7 18. Rd1 O-O 19. h4 Ne4 20. Kg2 Bc5 21. h5 f5 22.
exf6 Rxf6 23. Ng4 Rf7 24. Ng5 Nxg5 25. Bxg5 Ne7 26. Re1 Rc6 27. h6 Ng6 28. hxg7
Kxg7 29. b4 Bf8 30. Be3 Qd8 31. Bd4+ Kg8 32. Qxb5 Rc4 33. f4 Nxf4+ 34. gxf4 Rxf4
35. Nh2 Qh4 36. Re2 Qh5 37. Rae1 Bd6 38. Kh1 Rh4 39. Rg2+ Kf8 40. Rf1+ Rf4 41.
Rfg1 Rg4 42. Rf2+ Rf4 43. Rfg2 Rg4 44. Rf1+ Rf4 45. Rxf4+ Bxf4 46. Qd7 Bxh2 47.
Qd8+ Kf7 48. Rg7# 1-0

[Event "I Miedzynarodowy Memorial Ireny Warakomskiej - Open A"]
[Site "Suwalki"]
[Date "2017-08-13"]
[Round "4.42"]
[White "Kumala, Aleksander "]
[Black "Zaika, Daniil"]
[Result "1/2-1/2"]
[WhiteTitle ""]
[BlackTitle ""]
[WhiteElo "2189"]
[BlackElo "2101"]

1. e4 e6 2. d4 d5 3. Nd2 dxe4 4. Nxe4 Nd7 5. g3 Ngf6 6. Nxf6+ Nxf6 7. Bg2 c5 8.
Ne2 cxd4 9. Qxd4 Qxd4 10. Nxd4 Bc5 11. Nb3 Bd6 12. O-O Rb8 13. Rd1 Bc7 14. Be3
b6 15. Nd4 Bd7 16. a4 Rd8 17. Nb5 Bxb5 18. Rxd8+ Kxd8 19. axb5 Bb8 20. c4 Nd7
21. Bg5+ f6 22. Bf4 Ne5 23. Bxe5 fxe5 24. Be4 Ke7 25. Kg2 h6 26. Rd1 Rd8 27. Rxd8
Kxd8 28. Bh7 Ke7 29. Kf3 Kf6 30. Be4 Bd6 31. Bb7 Bb8 32. Ke4 Bd6 33. f3 Bb8 34.
Kd3 Bd6 35. Ke4 1/2-1/2